| 000 | 00953nam0a22002651 4500 | ||
|---|---|---|---|
| 001 | rc\2729069 | ||
| 005 | 20230524200449.0 | ||
| 035 | _a(NLR Aleph) 006856465 | ||
| 090 |
_a6802261 _c6802261 |
||
| 100 | _a20110915d1937 |||y0rusy50 ca | ||
| 101 | 0 | _arus | |
| 102 | _aRU | ||
| 105 | _aabe z ||||| | ||
| 200 | 1 |
_aАргентина _fГ. Ревзин |
|
| 210 |
_aМосква _cСоцэкгиз _d1937 _g17 ф-ка нац. книги треста "Полиграфкнига" |
||
| 215 |
_aПереплет, 196, [3] с., 2 вкл. л. схем., карт. _cил. _d20х14 см. |
||
| 225 | 1 | _aКапиталистический мир в очерках | |
| 320 | _aБиблиогр.: "Литература..." (26 назв.) | ||
| 700 | 1 |
_aРевзин _bГ. И. _f1895-1961 _gГригорий Исаакович |
|
| 801 | 0 |
_aRU _bNLR _gpsbo |
|
| 801 | 1 |
_aRU _bELAR _2rusmarc |
|
| 852 |
_aNLR _j37-3/1333 |
||
| 942 | _cBOOK | ||
| 980 | _aNB | ||